| 000 | 00765cam a22002651 4500 | ||
|---|---|---|---|
| 001 | 77377 | ||
| 003 | BD-RjUL | ||
| 005 | 20211209082950.0 | ||
| 008 | 200319s1950 enk 000 0 eng | ||
| 035 | _a(BD-RjUL)77602 | ||
| 035 | _a(OCoLC)3755168 | ||
| 040 |
_aDLC _cTNJ _dOCoLC _dDLC _beng |
||
| 041 | _aeng | ||
| 042 | _apremarc | ||
| 082 |
_a821.91 _219 _bAUC 1950 |
||
| 100 | 1 |
_aAuden, W. H. _q(Wystan Hugh), _d1907-1973. _9241097 |
|
| 245 | 0 | 0 |
_aCollected shorter poems, 1930-1944./ _c by W. H. Auden, |
| 260 |
_aLondon; _bFaber and Faber , _c[1950] |
||
| 300 |
_a303 p.; _c21 cm. |
||
| 650 |
_aEnglish Poetry _9241098 |
||
| 906 |
_a7 _bcbc _coclcrpl _du _encip _f19 _gy-gencatlg |
||
| 942 |
_2ddc _cBK |
||
| 999 |
_c77377 _d77377 |
||